000 00535nam a2200205Ia 4500
003 OSt
005 20220926045536.0
006 a|||||r|||| 00| 0
007 ta
008 220923b |||||||| |||| 00| 0 eng d
037 _cGeneral Book
040 _aRTL
_cRTL
_beng
041 _2eng
_aeng
082 _aV2;13;Z,2,93.N56, J6
245 0 _aDraft of States Reorganisation Bill 1956& Connecte
260 _c1956
300 _a86p
_ccm.
942 _hV2;13;Z,2,93.N56, J6
_cGB
_2CC
999 _c677923
_d677923